Trabajo Social y Derechos Humanos

সংরক্ষণ করুন:
গ্রন্থ-পঞ্জীর বিবরন
সংস্থা লেখক: CODEHUCA
বিন্যাস: পাঠ‍্য
প্রকাশিত: San José: CODEHUCA
ট্যাগগুলো: ট্যাগ যুক্ত করুন
কোনো ট্যাগ নেই, প্রথমজন হিসাবে ট্যাগ করুন!

MARC

LEADER 00000 a a2200000 04500
001 25394
003
040
090 |a 181702  
110 |a CODEHUCA  
245 |a Trabajo Social y Derechos Humanos  
260 |a San José:   |b CODEHUCA  
300 |a 92 p  
999 |c 9803  |d 9803